000 00648nam a22002177a 4500
003 OSt
005 20180116192434.0
008 160830t xxu||||| |||| 00| 0 eng d
020 _a9780566091896
040 _c0
082 _a745.2068
100 1 _aPreddy, Shan
_98684
245 1 _aHow to run a successful design business :
_bthe new professional practice
_cShan preddy
260 _acherry street:
_bGower;
_c2011.
300 _a434 p.:
_bill;
_c24 cm.
650 _aSuccess in business
_98685
650 _aIndustrial design
_98686
650 _aIndustrial management
_98687
650 _aDesign services
_xManagement
_98688
942 _2ddc
_cBK
999 _c354205
_d354205